Osnovy kombinatornoj topologii /

Gespeichert in:
Bibliographische Detailangaben
1. Verfasser: Pontrjagin, Lev Semenovič (Verfasst von)
Format: Buch
Veröffentlicht: Moskva : Nauka, 1986
Ausgabe:3-je izd.
Tags: Tag hinzufügen
Keine Tags, Fügen Sie das erste Tag hinzu!

MARC

LEADER 00000nam a22000003a 4500
001 stu19863
005 20150617225753.2
008 ------s1986----xxr---------------------d
040 |a STU  |b slo 
041 0
044 |a xxr 
080 |a 515.1 
100 1 |a Pontrjagin, Lev Semenovič  |4 aut 
245 1 |a Osnovy kombinatornoj topologii /  |c [aut.]Pontjagin,Lev Semenovič 
250 |a 3-je izd. 
260 |a Moskva :  |b Nauka,  |c 1986 
300 |a 118 s 
996 |b C78756  |c C*78756  |l CCXX  |s P  |a 0  |w stu19863_0001